Az adatvédelmi szabályozás reformjának hatása a vállalatok HR tevékenységeire

Bibliographic Details
Main Author: Kövecses Anita
Other Authors: Németh Dr. Tamás
Format: Thesis
Kulcsszavak:emberi erőforrás
adatvédelem
GDPR
Online Access:http://dolgozattar.uni-bge.hu/22023

MARC

LEADER 00000nta a2200000 i 4500
001 dolg22023
005 20190515163710.0
008 190515suuuu hu om 000 hun d
040 |a BGE Dolgozattár Repozitórium  |b hun 
041 |a hu 
100 1 |a Kövecses Anita 
245 1 3 |a Az adatvédelmi szabályozás reformjának hatása a vállalatok HR tevékenységeire  |c Kövecses Anita  |h [elektronikus dokumentum] 
695 |a emberi erőforrás 
695 |a adatvédelem 
695 |a GDPR 
700 1 |a Németh Dr. Tamás  |e ths 
856 4 0 |u http://dolgozattar.uni-bge.hu/22023/1/K%C3%B6vecses%20A.%20szakdolgozat.pdf  |z Dokumentum-elérés